|
|
|
|
| LEADER |
00000nam0a2200000 4500 |
| 001 |
210870 |
| 005 |
20231101225635.0 |
| 035 |
|
|
|a (RuTPU)RU\TPU\book\230316
|
| 090 |
|
|
|a 210870
|
| 100 |
|
|
|a 20120303d1965 km y0rusy50 ca
|
| 101 |
0 |
|
|a rus
|
| 102 |
|
|
|a RU
|
| 105 |
|
|
|a a z 001zy
|
| 200 |
1 |
|
|a Типоморфные особенности флюорита и кварца
|f Н. Н. Василькова, С. Г. Соломкина
|g Всесоюзный научно-исследовательский институт минерального сырья ; науч. ред. Е. В. Рожкова
|
| 210 |
|
|
|a Москва
|c Недра
|d 1965
|
| 215 |
|
|
|a 134 с.
|c ил.
|
| 320 |
|
|
|a Библиогр.: с. 132-133.
|
| 606 |
1 |
|
|a Кварц
|x Минералогия
|2 stltpush
|3 (RuTPU)RU\TPU\subj\72305
|9 85867
|
| 606 |
1 |
|
|a Флюорит
|x Минералогия
|2 stltpush
|3 (RuTPU)RU\TPU\subj\64036
|9 80965
|
| 610 |
1 |
|
|a физические свойства
|
| 610 |
1 |
|
|a исследование
|
| 610 |
1 |
|
|a физико-химические свойства
|
| 610 |
1 |
|
|a типоморфные особенности
|
| 610 |
1 |
|
|a элементы-примеси
|
| 610 |
1 |
|
|a состав
|
| 610 |
1 |
|
|a генезис
|
| 610 |
1 |
|
|a плавиковошпатовое сырье
|
| 610 |
1 |
|
|a поиск
|
| 610 |
1 |
|
|a предложения
|
| 675 |
|
|
|a 549.4
|v 3
|
| 675 |
|
|
|a 549.5
|v 3
|
| 700 |
|
1 |
|a Василькова
|b Н. Н.
|g Нина Никитична
|
| 701 |
|
1 |
|a Соломкина
|b С. Г.
|g Софья Григорьевна
|
| 702 |
|
1 |
|a Рожкова
|b Е. В.
|4 340
|
| 712 |
0 |
2 |
|a Всесоюзный научно-исследовательский институт минерального сырья (ВИМС)
|2 stltpush
|3 (RuTPU)RU\TPU\col\18352
|
| 801 |
|
1 |
|a RU
|b 63413507
|c 20120303
|
| 801 |
|
2 |
|a RU
|b 63413507
|c 20220805
|g RCR
|
| 942 |
|
|
|c BK
|